Arrested Development Quotes - Statistics

General Stats
  • This quiz has been taken 70 times
    66 since last reset
  • The average score is 13 of 19
Answer Stats
Hint Answer % Correct
"These are my awards, Mother. From Army." Buster
100%
"Illusion." G.O.B.
100%
"I'm afraid I just blue myself." Tobias
100%
"There's always money in the banana stand" George Sr.
98%
"Lupe!" Lucille
97%
"Marry me!" Maeby
92%
"Say goodbye to these!" Kitty
89%
"Why don't we just take out an ad in “I'm Poor” magazine?" Lindsay
84%
"I'm sure Egg is a great person." Michael
83%
"Bees?!" G.O.B.
81%
"It ain't easy being white..." Franklin
64%
"Yeah, like anyone would want to "R" her." Buster
61%
"I knew you were going to throw that in my face." Lucille
59%
"18th Century Agrarian Business classes..." Buster
58%
"My last lesson." George Sr.
45%
"...and that's why you always leave a note." J. Walter Weatherman
45%
"They're killing Baby Buster!" Buster
27%
"I play Uncle Sam." Annyong
23%
"...but at least we got a Hung Jury! Hit it!" Judge Reinhold
22%
No matching quizzes found
Score Distribution
Percent of People with Each Score
Percentile by Number Answered
Your Score History
You have not taken this quiz since the last reset